000 02187cam a22006134i 4500
003 PE-LiUPU
005 20250731170422.0
008 180613s2015 sp a rb 000 0 spa
020 _a9681827384
020 _a9789681827380
035 _a(Sirsi) a248878
040 _aPE-LiUPU
_bspa
_cPE-LiUPU
_erda
049 _aPRUA
082 0 4 _a158.3
_bC18
_222
100 1 _aAcevedo Ibáñez, Alejandro,
_eautor.
245 1 3 _aEl proceso de la entrevista :
_bconceptos y modelos /
_cAlejandro Acevedo Ibáñez y Alba Florencia A. López M.
264 1 _aMéxico:
_bLimusa,
_c2016.
300 _a200 páginas :
_bilustraciones ;
_c21 centímetros
336 _atext
_2rdacontent
337 _aunmediated
_2rdamedia
338 _avolume
_2rdacarrier
504 _aBibliografía : páginas 275-282.
505 0 _aGeneralidades -- tipos de entrevista -- pasos de la entrevista -- comunicación -- tres grandes artes: preguntar,escuchar, observar -- técnicas´para manejar la entrevista -- rasgos del entrevistado -- características del entrevistador -- desarrollo de la personalidad - entrevista de la selección -- otros tipos de entrevista usados -- ubicación de la entrevista dentro de la organización.
526 _aSEG68
526 _aSEG70
526 _aSEG69
526 _aSEG67
526 _aSEG43
526 _aP144
526 _aP143
526 _aP131
526 _aP122
526 _aP120
526 _aP117
526 _aP112
526 _aP110
526 _aP106
526 _aP101
526 _aP80
526 _aP59
526 _aP54
526 _aP35
526 _aP33
526 _aP30
541 _g002-00000083;
650 0 4 _aEntrevistas.
650 0 4 _aInterviews.
700 1 _aLópez Martín, Alba Florencia A.,
_ecoautora.
910 _adbm
_bksl
_cksl
_d20180613
942 _2ddc
_cBOOK
994 _aC0
_bPEPRU
596 _a1
999 _a158.3 C18
_wLC
_c28497
_i78254
_d28497
_e2019-6-6
_f2021-11-3
_g4
_lCCODEBUL1
_mBUL
_n3
_p14.09
_q1
_r0
_sY
_tBOOK
_u2018-6-13
_xSALUD
_zP33
_0COMPRA
_o.STAFF. Colección Ciencias de la Salud
980 _81
_gALBERTO SANCHEZ Responsable de Automatización